|
|
|
|
| LEADER |
01335nam a2200313 u 4500 |
| 001 |
10114319 |
| 003 |
upatras |
| 005 |
20210117205202.0 |
| 008 |
141014s1973 uk eng |
| 020 |
|
|
|a 0471468908
|
| 040 |
|
|
|a GR-PaULI
|c GR-PaULI
|
| 041 |
0 |
|
|a eng
|
| 082 |
0 |
4 |
|a 519.2
|
| 100 |
1 |
|
|a Davidson, Rollo
|d 1944-1970
|4 aut
|9 141338
|
| 245 |
1 |
0 |
|a Stochastic analysis
|b a tribute to the memory of Rollo Davidson
|c ; edited by D. G. Kendall and E. F. Harding
|
| 260 |
|
|
|a London
|b Wiley
|c 1973
|
| 300 |
|
|
|a xii, 465 σ.
|c 24 εκ.
|
| 490 |
1 |
|
|a Wiley series in probability and mathematical statistics
|
| 500 |
|
|
|a Περιέχει βιβλιογραφία και ευρετήριο
|
| 600 |
1 |
4 |
|a Davidson- Rollo
|d 1944-1970
|9 141339
|
| 650 |
|
4 |
|a Στοχαστικές διαδικασίες
|9 19
|
| 700 |
1 |
|
|a Kendall, D. G.
|d 1918-2007
|q ((David George))
|4 edt
|9 141341
|
| 700 |
1 |
|
|a Harding, E. F.
|4 edt
|9 141340
|
| 760 |
1 |
|
|a Wiley series in probability and mathematical statistics
|
| 852 |
|
|
|a GR-PaULI
|b ΠΑΤΡΑ
|b ΒΚΠ
|b ΒΣ1
|k ΑΣΧΞ
|h 519.2 DAV
|m 124841
|p 025000041607
|t 1
|
| 942 |
|
|
|2 ddc
|c BK15
|
| 952 |
|
|
|0 0
|1 0
|4 0
|6 519_200000000000000_DAV
|7 0
|9 171119
|a LISP
|b LISP
|c BSC
|d 2016-04-24
|i 124841
|l 0
|o 519.2 DAV
|p 025000041607
|r 2016-04-24 00:00:00
|t 1
|w 2016-04-24
|y BK15
|
| 998 |
|
|
|c ΜΠΟΥΡΑΣ
|d 2014-10
|
| 999 |
|
|
|c 107087
|d 107087
|